[Event "TOP 16 Jeunes "]
[Site "Agneaux"]
[Date "2010.05.22"]
[Round "9.3"]
[White "Navrotescu, Andreea Cristiana"]
[Black "Quinqueneau, Dylan"]
[Result "1-0"]
[WhiteElo "1927"]
[BlackElo "1650"]
[PlyCount "147"]
[EventDate "2010.05.23"]
[EventType "team-match"]
[EventCountry "FRA"]

1. d4 Nf6 2. c4 c5 3. d5 e6 4. Nc3 exd5 5. cxd5 d6 6. e4 g6 7. Nge2 Bg7 8. Ng3
O-O 9. Be2 Re8 10. O-O a6 11. a4 h5 12. Bg5 Qc7 13. Qd2 Bg4 14. f3 Bd7 15. Nh1
c4 16. Nf2 Ra7 17. Be3 Ra8 18. Rfc1 Bc8 19. Ncd1 Qe7 20. Bxc4 Nbd7 21. Be2 Ne5
22. Qa5 Bd7 23. Qb6 Rab8 24. Rc7 Rec8 25. Rac1 Qd8 26. Rxc8 Rxc8 27. Qxd8+ Rxd8
28. a5 Rc8 29. Rxc8+ Bxc8 30. Nc3 Nfd7 31. f4 Ng4 32. Nxg4 hxg4 33. Bxg4 b6 34.
Bxd7 Bxd7 35. axb6 Bc8 36. Na4 Kf8 37. Kf2 f5 38. exf5 gxf5 39. h3 Bb7 40. g4
fxg4 41. hxg4 Bxd5 42. Kg3 Kf7 43. f5 Bb7 44. Bf4 Ke7 45. g5 Kd7 46. f6 Bf8 47.
g6 Bd5 48. g7 Bxg7 49. fxg7 Kc6 50. Kg4 Kd7 51. b7 Kc7 52. b8=Q+ Kxb8 53. Bxd6+
Kb7 54. Nc3 Bg8 55. Kg5 Kc6 56. Ba3 Kd7 57. Kf6 Bb3 58. Ne4 Kc6 59. Ke7 a5 60.
Nf6 a4 61. g8=Q Bxg8 62. Nxg8 Kb5 63. Nf6 Kc4 64. Ne4 Kb5 65. Nc3+ Ka5 66. Kd6
Ka6 67. Nxa4 Kb5 68. Nc3+ Kc4 69. b4 Kxc3 70. b5 Kb3 71. b6 Kxa3 72. b7 Kb4 73.
b8=Q+ Kc4 74. Qc7+ 1-0

[Event "TOP 16 Jeunes "]
[Site "Agneaux"]
[Date "2010.05.22"]
[Round "8.4"]
[White "Bellaiche, Elise"]
[Black "Niepceron, Luc"]
[Result "0-1"]
[WhiteElo "1865"]
[BlackElo "1628"]
[PlyCount "100"]
[EventDate "2010.05.23"]
[EventType "team-match"]
[EventCountry "FRA"]

1. e4 e6 2. d4 d5 3. Nc3 Bb4 4. e5 c5 5. Bd2 cxd4 6. Nb5 Bc5 7. Qg4 Ne7 8. b4
a6 9. bxc5 axb5 10. Qxg7 Rg8 11. Qxh7 Qc7 12. Nf3 Qxc5 13. Bd3 Nbc6 14. O-O Bd7
15. Rfb1 Na5 16. Bb4 Qb6 17. Bxe7 Kxe7 18. Qh4+ Ke8 19. Nxd4 Nc4 20. Bxc4 dxc4
21. Kh1 Bc6 22. Nxc6 bxc6 23. Rd1 Qc5 24. Qe4 Rc8 25. Rd4 Rd8 26. Rad1 Rd5 27.
Rxd5 cxd5 28. Qe1 Rg6 29. h4 Qa3 30. Rb1 Kf8 31. Rxb5 Qxa2 32. Rb8+ Kg7 33. h5
Rg5 34. h6+ Kh7 35. Rb7 Rh5+ 36. Kg1 Kg6 37. Rb8 Qxc2 38. Rg8+ Kxh6 39. g4 Kh7
40. gxh5 Kxg8 41. Kh2 Qh7 42. Qg1+ Qg7 43. Qa1 Qg5 44. Qd4 Qxh5+ 45. Kg2 Qg6+
46. Kf3 Kg7 47. Qa1 Qd3+ 48. Kf4 c3 49. Qg1+ Qg6 50. Qa1 c2 0-1

[Event "TOP 16 Jeunes "]
[Site "Agneaux"]
[Date "2010.05.22"]
[Round "8.5"]
[White "Auvray, Honorine"]
[Black "Ek, Alexandre"]
[Result "0-1"]
[WhiteElo "1709"]
[BlackElo "1849"]
[PlyCount "74"]
[EventDate "2010.05.23"]
[EventType "team-match"]
[EventCountry "FRA"]

1. e4 c5 2. Nf3 Nc6 3. d4 cxd4 4. Nxd4 g6 5. c4 Nf6 6. Nc3 d6 7. Be2 Nxd4 8.
Qxd4 Bg7 9. Be3 O-O 10. Qd2 Be6 11. O-O Qa5 12. Rac1 Rfc8 13. b3 a6 14. f3 b5
15. Nd5 Qxd2 16. Bxd2 Bxd5 17. exd5 bxc4 18. Bxc4 Nd7 19. Bc3 Nb6 20. Ba5 Bd4+
21. Kh1 Nxc4 22. bxc4 Rab8 23. Rc2 Rb5 24. Bd8 Kf8 25. Rfc1 Rb7 26. Ba5 Rcb8
27. g3 Rb2 28. Kg2 Be3 29. Kf1 Bxc1 30. Rxc1 Rxa2 31. Bc3 a5 32. Kg1 a4 33. Bd4
a3 34. f4 Rd2 35. Bc3 a2 36. Rf1 Rb1 37. Ba1 Rdd1 0-1

[Event "TOP 16 Jeunes "]
[Site "Agneaux"]
[Date "2010.05.22"]
[Round "8.6"]
[White "Le Menelec, Erwan Son"]
[Black "Aghamir Alrobiai, Nizar"]
[Result "1-0"]
[WhiteElo "1697"]
[BlackElo "1480"]
[PlyCount "163"]
[EventDate "2010.05.23"]
[EventType "team-match"]
[EventCountry "FRA"]

1. e4 e6 2. d4 d5 3. e5 c5 4. c3 Nc6 5. Nf3 Qb6 6. a3 cxd4 7. cxd4 Bd7 8. Nc3
Rc8 9. Na4 Qc7 10. Be3 Nge7 11. Bd3 Ng6 12. Ng5 f6 13. Nxh7 f5 14. Nxf8 Kxf8
15. Rc1 Kf7 16. Qb3 Nge7 17. O-O Rcg8 18. Bg5 Rh5 19. f4 Rgh8 20. h4 Ng6 21. g3
Nf8 22. Be2 R5h7 23. Qd1 g6 24. b4 Qb8 25. Nc5 Ne7 26. Nd3 Bb5 27. a4 Bc4 28.
Nb2 Bxe2 29. Qxe2 Nd7 30. b5 Rd8 31. Qd2 Rhh8 32. Qb4 Rhe8 33. Rc3 a6 34. Rfc1
axb5 35. axb5 Rc8 36. Bxe7 Rxc3 37. Rxc3 Rxe7 38. b6 Nf8 39. Qb3 Re8 40. Rc7+
Re7 41. Qc2 Qa8 42. Na4 Nd7 43. Qb3 Qa5 44. Rc3 Kg7 45. Kf2 Kh6 46. Qa3 Rg7 47.
Qb3 Kh5 48. Nc5 Qxb6 49. Qxb6 Nxb6 50. Nxe6 Re7 51. Nc5 Nc4 52. Rb3 b6 53. Na4
Ra7 54. Nxb6 Rb7 55. Nxc4 Rxb3 56. Ne3 Rd3 57. Nxd5 Rxd4 58. e6 Kh6 59. e7 Re4
60. Nf6 Rxe7 61. Ng8+ Kg7 62. Nxe7 Kf6 63. Nd5+ Ke6 64. Nc3 Kf7 65. Kf3 Kg7 66.
g4 Kh6 67. Nd5 Kg7 68. Ne3 fxg4+ 69. Nxg4 Kf7 70. Ne5+ Kf6 71. Kg4 Kg7 72. Kg5
Kh7 73. Nxg6 Kg7 74. f5 Kh7 75. f6 Kg8 76. Ne5 Kh8 77. f7 Kg7 78. h5 Kh7 79.
f8=R Kg7 80. Rf7+ Kg8 81. Kg6 Kh8 82. Rf8# 1-0

[Event "TOP 16 Jeunes "]
[Site "Agneaux"]
[Date "2010.05.23"]
[Round "9.1"]
[White "Ellequain, Baptiste"]
[Black "Lagarde, Maxime"]
[Result "0-1"]
[WhiteElo "1714"]
[BlackElo "2387"]
[PlyCount "60"]
[EventDate "2010.05.23"]
[EventType "team-match"]
[EventCountry "FRA"]

1. e4 c5 2. Nf3 d6 3. d4 cxd4 4. Nxd4 Nf6 5. f3 e5 6. Bb5+ Nbd7 7. Nf5 d5 8.
exd5 a6 9. Ba4 b5 10. Bb3 Nc5 11. Ne3 Bb7 12. Nc3 Nxb3 13. axb3 Bc5 14. Ne4
Nxe4 15. fxe4 Qh4+ 16. Ke2 Qxe4 17. Qd3 Qg6 18. Qxg6 hxg6 19. c4 Rc8 20. Ng4
Bd6 21. Kd3 e4+ 22. Kd4 O-O 23. Bd2 Rfe8 24. Rac1 Bc5+ 25. Kc3 e3 26. Be1 f5
27. b4 Bf8 28. Nxe3 Rxe3+ 29. Kd2 Re4 30. c5 Bxd5 0-1

[Event "TOP 16 Jeunes "]
[Site "Agneaux"]
[Date "2010.05.23"]
[Round "9.2"]
[White "Ane, Cedric"]
[Black "Neri, Jean Bapiste"]
[Result "1-0"]
[WhiteElo "2111"]
[BlackElo "2004"]
[PlyCount "57"]
[EventDate "2010.05.23"]
[EventType "team-match"]
[EventCountry "FRA"]

1. e4 d5 2. exd5 Qxd5 3. Nf3 Bg4 4. Be2 Nc6 5. c4 Qd6 6. O-O O-O-O 7. Nc3 Bxf3
8. Bxf3 Nd4 9. b4 Nxf3+ 10. Qxf3 Qd3 11. Qxf7 Nf6 12. Qe6+ Kb8 13. a4 Rd6 14.
Qe3 Qxc4 15. Nb5 Ra6 16. Bb2 Nd5 17. Qe5 e6 18. Rfc1 Qf4 19. Nxc7 Rd6 20. Nxd5
Qxe5 21. Bxe5 exd5 22. Rc5 Be7 23. Rac1 Rhd8 24. Rxd5 a6 25. g3 Ka7 26. Bxd6
Rxd6 27. Rxd6 Bxd6 28. Rc4 Kb6 29. d4 1-0

[Event "TOP 16 Jeunes "]
[Site "Agneaux"]
[Date "2010.05.23"]
[Round "9.3"]
[White "Giroyan, Gary"]
[Black "Kambrath, Yannick"]
[Result "1-0"]
[WhiteElo "2220"]
[BlackElo "1995"]
[PlyCount "62"]
[EventDate "2010.05.23"]
[EventType "team-match"]
[EventCountry "FRA"]

1. e4 e5 2. Nf3 Nc6 3. Bb5 Bc5 4. O-O Nd4 5. Nxd4 Bxd4 6. c3 Bb6 7. d4 c6 8.
Ba4 d6 9. Bb3 Ne7 10. Bg5 h6 11. Qh5 O-O 12. Nd2 d5 13. Bxe7 Qxe7 14. dxe5 Be6
15. exd5 cxd5 16. Nf3 Rad8 17. Rad1 Qd7 18. h3 a5 19. Nd4 a4 20. Nxe6 Qxe6 21.
Bxa4 d4 22. Bb3 Qe7 23. Qe2 Rfe8 24. Rfe1 dxc3 25. Rxd8 Rxd8 26. bxc3 Ba5 27.
Qf3 Rd2 28. e6 f6 29. Qxb7 Qxb7 30. e7+ Kh7 31. e8=Q Bb6 1-0

[Event "TOP 16 Jeunes "]
[Site "Agneaux"]
[Date "2010.05.23"]
[Round "9.4"]
[White "Eid, Amine"]
[Black "Lamard, Guillaume"]
[Result "0-1"]
[WhiteElo "1874"]
[BlackElo "2126"]
[PlyCount "80"]
[EventDate "2010.05.23"]
[EventType "team-match"]
[EventCountry "FRA"]

1. e4 e6 2. d4 d5 3. e5 c5 4. c3 Nc6 5. Nf3 Qb6 6. a3 Nh6 7. b4 cxd4 8. Bxh6
gxh6 9. cxd4 Bg7 10. Nc3 O-O 11. Bd3 f6 12. Na4 Qc7 13. exf6 Bxf6 14. Qc2 Qg7
15. Rd1 Nxd4 16. Bxh7+ Kh8 17. Nxd4 Bxd4 18. O-O e5 19. Bd3 Bg4 20. Rd2 e4 21.
Be2 Bh3 22. g3 Bxf1 23. Bxf1 e3 24. Re2 Rxf2 25. Nc5 Qf7 26. Qd1 Bxc5 27. bxc5
Rf8 28. Bg2 Rxe2 29. Qxe2 Qf2+ 30. Qxf2 exf2+ 31. Kf1 Rc8 32. Bxd5 Rxc5 33.
Bxb7 Ra5 34. Kxf2 Rxa3 35. Kg2 a5 36. Kh3 Rb3 37. Bd5 Rb4 38. g4 a4 39. Kh4 a3
40. Kh5 Rb5 0-1

[Event "TOP 16 Jeunes "]
[Site "Agneaux"]
[Date "2010.05.23"]
[Round "9.5"]
[White "Haussernot, Cecile"]
[Black "Banat, Rizlene"]
[Result "1-0"]
[WhiteElo "1971"]
[BlackElo "1638"]
[PlyCount "81"]
[EventDate "2010.05.23"]
[EventType "team-match"]
[EventCountry "FRA"]

1. e4 d6 2. f4 c5 3. Nc3 Nd7 4. d3 g6 5. Nf3 Bg7 6. g3 Ngf6 7. Bg2 O-O 8. O-O
Rb8 9. h3 b5 10. g4 b4 11. Ne2 Qb6 12. f5 c4+ 13. Kh1 cxd3 14. cxd3 Ne5 15.
Nxe5 dxe5 16. Ng3 Ba6 17. g5 Nd7 18. Rf3 Rfd8 19. fxg6 hxg6 20. Be3 Qb7 21. Qb3
Rf8 22. Raf1 e6 23. h4 Rbe8 24. h5 Re7 25. hxg6 fxg6 26. Rxf8+ Nxf8 27. Bc5 Re8
28. Bxf8 Bxf8 29. Bh3 Qe7 30. Rf6 Bc8 31. Rxg6+ Kh8 32. Kg2 Bg7 33. Qd1 Qc7 34.
Qh5+ Kg8 35. Rxg7+ Kxg7 36. Qxe8 Qc2+ 37. Kg1 Qc1+ 38. Kh2 Qxb2+ 39. Bg2 Ba6
40. Nh5+ Kh7 41. Qf7+ 1-0

[Event "TOP 16 Jeunes "]
[Site "Agneaux"]
[Date "2010.05.23"]
[Round "9.6"]
[White "Vigna, Leo"]
[Black "Froment, Theophile"]
[Result "1/2-1/2"]
[WhiteElo "1655"]
[BlackElo "1838"]
[PlyCount "125"]
[EventDate "2010.05.23"]
[EventType "team-match"]
[EventCountry "FRA"]

1. e4 e6 2. d4 d5 3. e5 c5 4. c3 Qb6 5. Nf3 Nc6 6. Bd3 Nh6 7. O-O cxd4 8. cxd4
Nf5 9. Nc3 Be7 10. Bxf5 exf5 11. Nxd5 Qa5 12. Nxe7 Nxe7 13. Qd3 O-O 14. Qc3 Qb6
15. Rd1 Nd5 16. Qc5 Be6 17. Qxb6 axb6 18. a3 h6 19. Ne1 Rfd8 20. Nd3 Ra4 21.
Be3 Ne7 22. Nb4 Bd5 23. f4 Nc6 24. Nxd5 Rxd5 25. b3 Ra8 26. Rd3 Rad8 27. Rad1
R8d7 28. h3 g6 29. Kf2 Rd8 30. Ke2 Ne7 31. Kd2 R5d7 32. Kc2 Nd5 33. Bc1 Rc8+
34. Kb2 Kf8 35. g4 Ke7 36. Rg1 Rdc7 37. Bd2 Ke6 38. h4 fxg4 39. Rxg4 Kf5 40.
Rg1 Ke4 41. Rgg3 Nxf4 42. Rge3+ Kd5 43. Rc3 Rxc3 44. Bxc3 g5 45. hxg5 hxg5 46.
e6 Nxe6 47. Re5+ Kd6 48. Bb4+ Kd7 49. d5 Nf4 50. Re7+ Kd8 51. Rxf7 Nd3+ 52. Ka2
Nxb4+ 53. axb4 Rc7 54. Rf8+ Ke7 55. Rf5 Rc2+ 56. Ka3 g4 57. Rg5 Kd6 58. Rxg4
Kxd5 59. Rg7 Kc6 60. Rg8 Rd2 61. Rc8+ Kb5 62. Rc7 Ka6 63. Rc8 1/2-1/2

[Event "TOP 16 Jeunes "]
[Site "Agneaux"]
[Date "2010.05.23"]
[Round "9.7"]
[White "Martin, Arthur"]
[Black "Kieffer, Anatole"]
[Result "0-1"]
[WhiteElo "1420"]
[BlackElo "1800"]
[PlyCount "96"]
[EventDate "2010.05.23"]
[EventType "team-match"]
[EventCountry "FRA"]

1. d4 c5 2. c3 Nf6 3. Nf3 g6 4. Bf4 Bg7 5. e3 O-O 6. Bc4 d5 7. Bd3 c4 8. Be2
Re8 9. O-O Nh5 10. Be5 Nc6 11. Bxg7 Nxg7 12. Nbd2 Qb6 13. Rb1 Bf5 14. Ra1 Qxb2
15. Qc1 Qxc1 16. Rfxc1 b5 17. Nh4 Bd7 18. Rab1 a6 19. Bf3 e6 20. Be2 Ne7 21. g3
Ngf5 22. Nxf5 Nxf5 23. Nf3 Reb8 24. Ne5 Be8 25. Kg2 Ra7 26. Bf3 Nd6 27. h4 h5
28. Be2 f6 29. Nf3 Rab7 30. a3 a5 31. Bd1 b4 32. Ra1 Ne4 33. Ng1 Nxc3 34. axb4
axb4 35. Ne2 Nxe2 36. Bxe2 b3 37. Ra6 Rb6 38. Ra7 Rb4 39. Rb1 c3 40. Rc7 c2 41.
Rb2 Rc4 42. Bxc4 c1=Q 43. Re2 dxc4 44. Kf3 Bc6+ 45. Rxc6 Qh1+ 46. Kf4 Qxc6 47.
Re1 Qd5 48. Rc1 Qf5# 0-1

[Event "TOP 16 Jeunes "]
[Site "Agneaux"]
[Date "2010.05.23"]
[Round "9.7"]
[White "Kieffer, Anatole"]
[Black "Raynaud, Jean Philippe"]
[Result "0-1"]
[WhiteElo "1800"]
[BlackElo "1470"]
[PlyCount "172"]
[EventDate "2010.05.23"]
[EventType "team-match"]
[EventCountry "FRA"]

1. e4 c6 2. d4 d5 3. Nc3 dxe4 4. Nxe4 Nf6 5. Nxf6+ gxf6 6. Nf3 Qc7 7. Be3 Bg4
8. Be2 Nd7 9. h3 Bh5 10. Qd2 O-O-O 11. O-O-O e6 12. Rhe1 Rg8 13. g3 Bd6 14. Ng1
Bg6 15. Bd3 Bxd3 16. Qxd3 f5 17. Ne2 Nf6 18. Qb3 Nd5 19. Bd2 Rd7 20. Nc3 Nxc3
21. Bxc3 Rgd8 22. f4 Rg8 23. Rg1 h5 24. Bd2 h4 25. Qf3 Be7 26. Be3 Qa5 27. Kb1
Rd5 28. c4 Rdd8 29. Bd2 Qb6 30. Bc3 Bf6 31. c5 Qb5 32. g4 fxg4 33. Rxg4 Rxg4
34. Qxg4 Qc4 35. f5 exf5 36. Qxf5+ Qe6 37. Qxe6+ fxe6 38. Kc2 Kc7 39. Rd2 b6
40. b4 Kb7 41. Kd1 Ka6 42. a4 Kb7 43. Ke1 Kc7 44. Kf1 Kc8 45. Rd3 e5 46. Rf3
exd4 47. Bd2 Be5 48. Bg5 Rd5 49. Bxh4 d3 50. Ke1 Bc3+ 51. Kd1 Bxb4 52. cxb6
axb6 53. Bf2 Kb7 54. Be3 c5 55. Bd2 Bxd2 56. Kxd2 c4 57. Rf4 c3+ 58. Kd1 c2+
59. Kd2 Re5 60. Rf1 Rc5 61. Rc1 Rh5 62. Kxd3 Rxh3+ 63. Kxc2 Ka6 64. Ra1 Ka5 65.
Kb2 Rh4 66. Kb3 Rb4+ 67. Kc2 Rxa4 68. Kb1 Rxa1+ 69. Kxa1 Kb4 70. Kb2 b5 71. Kb1
Kb3 72. Ka1 Kc2 73. Ka2 b4 74. Ka1 Kb3 75. Kb1 Ka3 76. Ka1 b3 77. Kb1 b2 78.
Kc2 Ka2 79. Kc3 b1=Q 80. Kd2 Qb3 81. Kc1 Qe3+ 82. Kc2 Ka3 83. Kd1 Qf2 84. Kc1
Kb3 85. Kd1 Kc3 86. Kc1 Qc2# 0-1

[Event "TOP 16 Jeunes "]
[Site "Agneaux"]
[Date "2010.05.23"]
[Round "9.1"]
[White "Saatdjian, Stephane"]
[Black "Netzer, Jacques"]
[Result "0-1"]
[WhiteElo "2009"]
[BlackElo "2230"]
[PlyCount "86"]
[EventDate "2010.05.23"]
[EventType "team-match"]
[EventCountry "FRA"]

1. e4 c5 2. Nf3 e6 3. d4 cxd4 4. Nxd4 Nc6 5. Nc3 Qc7 6. g3 a6 7. Bg2 d6 8. O-O
Bd7 9. a4 Nf6 10. Nb3 Be7 11. f4 O-O 12. Be3 e5 13. Nd5 Nxd5 14. exd5 Nd8 15.
Qd2 Rc8 16. c3 b5 17. fxe5 dxe5 18. axb5 Bxb5 19. Rfd1 Nb7 20. Qf2 Nd6 21. Na5
f5 22. Nc6 Ne4 23. Nxe7+ Qxe7 24. Qc2 Nd6 25. Bf1 f4 26. Bxb5 axb5 27. Bf2 Qg5
28. Kh1 Qh5 29. gxf4 exf4 30. Qd3 Rf6 31. h4 f3 32. Rg1 Rc4 33. Ra8+ Ne8 34.
Rxe8+ Qxe8 35. Bd4 Qh5 36. Qe4 Qf7 37. b3 Rf4 38. Rxg7+ Qxg7 39. Qe6+ Qf7 40.
Qxf7+ Kxf7 41. bxc4 f2 42. Bxf2 Rxf2 43. cxb5 Rc2 0-1

[Event "TOP 16 Jeunes "]
[Site "Agneaux"]
[Date "2010.05.23"]
[Round "9.2"]
[White "Muheim, Sebastien"]
[Black "Msellek, Illyass"]
[Result "1-0"]
[WhiteElo "2084"]
[BlackElo "2024"]
[PlyCount "125"]
[EventDate "2010.05.23"]
[EventType "team-match"]
[EventCountry "FRA"]

1. d4 Nf6 2. c4 g6 3. Nc3 Bg7 4. e4 d6 5. f3 O-O 6. Nge2 e5 7. d5 c6 8. Bg5 h6
9. Be3 cxd5 10. cxd5 a6 11. Qd2 Nfd7 12. g4 b5 13. Ng3 Kh7 14. Qf2 Qe7 15. Rc1
Bb7 16. h4 Rc8 17. h5 g5 18. Nf5 Qf6 19. b4 Nf8 20. Bd3 Nbd7 21. O-O Rc7 22.
Rc2 Rac8 23. Rfc1 Kh8 24. Kg2 Nh7 25. a4 bxa4 26. Nxa4 Rxc2 27. Rxc2 Bf8 28.
Rxc8 Bxc8 29. Qe2 Nb8 30. Bb6 Bxf5 31. exf5 Qe7 32. Bxa6 Nxa6 33. Qxa6 Nf6 34.
Nc3 e4 35. Bd4 exf3+ 36. Kxf3 Bg7 37. Qd3 Qe1 38. Bxf6 Bxf6 39. Ne4 Be5 40. b5
Qh1+ 41. Ke2 Qg2+ 42. Nf2 Bg3 43. Qf3 Qh2 44. b6 Bxf2 45. Qxf2 Qe5+ 46. Kd3 Kg8
47. Qd4 Qe1 48. Kc2 Qe2+ 49. Kc3 Qe1+ 50. Kb3 Qb1+ 51. Ka4 Qf1 52. Ka5 Qb1 53.
Ka6 Kf8 54. b7 Ke7 55. f6+ Kd7 56. Qa4+ Kd8 57. Qa5+ Kd7 58. Qa4+ Kd8 59. Qa3
Kd7 60. Ka7 Qb5 61. Qa6 Qc5+ 62. Qb6 Qc4 63. b8=Q 1-0

[Event "TOP 16 Jeunes "]
[Site "Agneaux"]
[Date "2010.05.23"]
[Round "9.3"]
[White "Ralaivao, Maxence"]
[Black "Viennot, Dylan"]
[Result "*"]
[WhiteElo "1826"]
[BlackElo "1998"]
[PlyCount "82"]
[EventDate "2010.05.23"]
[EventType "team-match"]
[EventCountry "FRA"]

1. d4 Nf6 2. c4 g6 3. Nc3 Bg7 4. e4 d6 5. f4 O-O 6. Be2 c5 7. d5 e6 8. Nf3 exd5
9. cxd5 Bg4 10. Nd2 Bxe2 11. Qxe2 Re8 12. O-O Nbd7 13. Nc4 Qb8 14. a4 a6 15.
Qf3 b6 16. Re1 Ra7 17. Be3 Rb7 18. Bf2 b5 19. Na5 b4 20. Nd1 Rb6 21. Nc4 Rb7
22. a5 Rd8 23. Bh4 Re8 24. Rb1 h6 25. Nf2 Nh7 26. Nd3 f6 27. Bg3 Nhf8 28. Re2
Qc7 29. Rf1 Rbb8 30. e5 fxe5 31. fxe5 Nxe5 32. Ndxe5 dxe5 33. d6 Qb7 34. Qxb7
Rxb7 35. Bxe5 Nd7 36. Rfe1 Nxe5 37. Nxe5 Rd8 38. Rd1 Rb5 39. Nc6 Rd7 40. Re8+
Bf8 41. Rf1 Rf7 *

[Event "TOP 16 Jeunes "]
[Site "Agneaux"]
[Date "2010.05.23"]
[Round "9.4"]
[White "Messinger, Karl"]
[Black "Stark, Gabriel"]
[Result "0-1"]
[WhiteElo "1883"]
[BlackElo "1758"]
[PlyCount "120"]
[EventDate "2010.05.23"]
[EventType "team-match"]
[EventCountry "FRA"]

1. e4 e6 2. d4 d5 3. Nd2 Nf6 4. e5 Nfd7 5. Bd3 c5 6. c3 Qb6 7. Ne2 Nc6 8. Nf3
Be7 9. O-O Nf8 10. a3 Bd7 11. b4 c4 12. Bc2 a6 13. Be3 Na7 14. a4 Qc7 15. Qd2
h6 16. h3 b6 17. Nh2 O-O-O 18. f4 g6 19. g4 h5 20. f5 gxf5 21. gxf5 Rg8+ 22.
Kh1 exf5 23. Bxf5 Ne6 24. Nf4 Nxf4 25. Rxf4 Rdf8 26. Raf1 Bg5 27. R4f3 Bxe3 28.
Qxe3 Bxf5 29. Rxf5 Rg6 30. e6 Rg3 31. Qe5 Qxe5 32. dxe5 Nc6 33. exf7 Rxh3 34.
e6 Ne7 35. Rg5 Rxc3 36. Rfg1 Kd8 37. Rg8 Nxg8 38. fxg8=Q Rxg8 39. Rxg8+ Ke7 40.
Rg5 d4 41. Nf1 d3 42. Kg2 d2 43. Rd5 Rb3 44. Rxd2 Rxb4 45. Re2 Rxa4 46. Ng3 Ra5
47. Kf3 h4 48. Nf1 Rf5+ 49. Kg2 h3+ 50. Kg1 b5 51. Ng3 Rf3 52. Kh2 c3 53. Kxh3
b4 54. Kg4 Rxg3+ 55. Kxg3 b3 56. Re3 c2 57. Rxb3 c1=Q 58. Rb7+ Kxe6 59. Rb6+
Kf5 60. Rxa6 Qe3+ 0-1

[Event "TOP 16 Jeunes "]
[Site "Agneaux"]
[Date "2010.05.23"]
[Round "9.5"]
[White "Stark, Antoine"]
[Black "Devoille, Hugo"]
[Result "0-1"]
[WhiteElo "1674"]
[BlackElo "1719"]
[PlyCount "76"]
[EventDate "2010.05.23"]
[EventType "team-match"]
[EventCountry "FRA"]

1. d4 Nf6 2. c4 g6 3. Nc3 Bg7 4. e4 d6 5. f4 O-O 6. Be2 c5 7. d5 e6 8. Nf3 exd5
9. cxd5 Bg4 10. h3 Bxf3 11. Bxf3 Nbd7 12. O-O Ne8 13. Re1 Nc7 14. Qb3 b5 15. a3
Rb8 16. Bd2 c4 17. Qc2 a5 18. Ne2 Na6 19. Rf1 Qb6+ 20. Kh1 Rfc8 21. Rac1 b4 22.
Bg4 Rb7 23. f5 Rbc7 24. fxg6 hxg6 25. Rf3 Rd8 26. Be3 Qb7 27. Nd4 Ne5 28. Rg3
Nc5 29. Rf1 Ncd3 30. Bg5 Rf8 31. h4 Nxg4 32. Rxg4 Bxd4 33. h5 Qb6 34. hxg6 Nf2+
35. Rxf2 Bxf2 36. gxf7+ Rfxf7 37. Be3+ Kf8 38. Bxb6 Rh7+ 0-1

[Event "TOP 16 Jeunes "]
[Site "Agneaux"]
[Date "2010.05.23"]
[Round "9.6"]
[White "Veys, Vincent"]
[Black "Boudia, Samy"]
[Result "0-1"]
[WhiteElo "1687"]
[BlackElo "1652"]
[PlyCount "72"]
[EventDate "2010.05.23"]
[EventType "team-match"]
[EventCountry "FRA"]

1. e4 e6 2. d4 d5 3. Nd2 Nf6 4. e5 Nfd7 5. Bd3 c5 6. c3 Nc6 7. Ne2 f6 8. Nf4
Ndxe5 9. dxe5 Nxe5 10. Bb5+ Kf7 11. Nf3 Bd6 12. Nxe5+ Bxe5 13. Bd3 f5 14. Ne2
Rf8 15. O-O Kg8 16. f4 Bf6 17. Ng3 g6 18. Re1 a6 19. a4 b6 20. Bc2 Re8 21. Be3
Qd6 22. Bb3 Bb7 23. Bc1 Rad8 24. Qe2 Qc6 25. Qf3 Rd6 26. c4 Rdd8 27. Ne2 Qd7
28. Qd3 b5 29. axb5 axb5 30. Rd1 bxc4 31. Bxc4 Bd4+ 32. Nxd4 dxc4 33. Qxc4 cxd4
34. Be3 d3 35. Bb6 Rb8 36. Rxd3 Bd5 0-1

[Event "TOP 16 Jeunes "]
[Site "Agneaux"]
[Date "2010.05.23"]
[Round "9.7"]
[White "O'Sullivan, Thomas"]
[Black "Casner, Theo"]
[Result "1-0"]
[WhiteElo "1781"]
[BlackElo "1380"]
[PlyCount "91"]
[EventDate "2010.05.23"]
[EventType "team-match"]
[EventCountry "FRA"]

1. d4 Nf6 2. c4 g6 3. Nc3 Bg7 4. e4 d6 5. f4 e6 6. Be2 O-O 7. Nf3 b6 8. O-O Bb7
9. Qc2 Nc6 10. Qd1 Ne7 11. e5 Nd7 12. Be3 Nf5 13. Bf2 Rc8 14. Qc2 dxe5 15. fxe5
c5 16. dxc5 Nxc5 17. g4 Ne7 18. Bg3 Bxf3 19. Bxf3 Qd4+ 20. Kh1 Bxe5 21. Rad1
Qe3 22. Rde1 Qd3 23. Qxd3 Nxd3 24. Bxe5 Nxe1 25. Rxe1 Rxc4 26. Be2 Rcc8 27. Bd6
Rfe8 28. Bb5 Nc6 29. Ne4 f5 30. Nf6+ Kf7 31. Nxe8 Kxe8 32. gxf5 gxf5 33. Rc1
Kd7 34. Ba6 Rg8 35. Bg3 h5 36. Bb5 Rc8 37. Rd1+ Ke7 38. Rc1 Kd7 39. Kg2 e5 40.
Bxe5 Ke6 41. Bf4 Kd5 42. Ba6 Rg8+ 43. Bg3 h4 44. Bc4+ Kd4 45. Bxg8 hxg3 46.
Rxc6 1-0

[Event "TOP 16 Jeunes "]
[Site "Agneaux"]
[Date "2010.05.23"]
[Round "9.7"]
[White "Berriat, Diane"]
[Black "O'Sullivan, Thomas"]
[Result "0-1"]
[WhiteElo "1480"]
[BlackElo "1781"]
[PlyCount "68"]
[EventDate "2010.05.23"]
[EventType "team-match"]
[EventCountry "FRA"]

1. e4 e6 2. d4 d5 3. exd5 exd5 4. Nc3 Nf6 5. Qf3 Be7 6. Bg5 c6 7. Qe3 O-O 8.
Nf3 Bd6 9. Qd3 Nbd7 10. Be2 Qc7 11. g3 Re8 12. O-O-O Ne4 13. Be3 a5 14. a4 b6
15. Nxe4 dxe4 16. Qb3 exf3 17. Bxf3 Nf6 18. Bg5 Nd5 19. Rde1 Be6 20. Bxd5 Bxd5
21. Rxe8+ Rxe8 22. Qc3 Bxh1 23. f3 Bb4 24. Qd3 Re1+ 25. Qd1 Rxd1+ 26. Kxd1
Bxf3+ 27. Kc1 Qd6 28. c3 Qe6 29. cxb4 Qe1+ 30. Kc2 Qd1+ 31. Kc3 axb4+ 32. Kxb4
Qxd4+ 33. Kb3 Bd1+ 34. Ka3 Qxa4# 0-1

[Event "TOP 16 Jeunes "]
[Site "Agneaux"]
[Date "2010.05.23"]
[Round "9.1"]
[White "Loiseau, Quentin"]
[Black "Barbaras, Mathieu"]
[Result "1/2-1/2"]
[WhiteElo "2207"]
[BlackElo "1957"]
[PlyCount "120"]
[EventDate "2010.05.23"]
[EventType "team-match"]
[EventCountry "FRA"]

1. d4 Nf6 2. c4 e6 3. g3 d5 4. Nf3 a6 5. Bg2 dxc4 6. Ne5 c5 7. Na3 Nbd7 8.
Naxc4 cxd4 9. O-O Nxe5 10. Nxe5 Bc5 11. b4 Ba7 12. Ba3 Bb8 13. Nc6 Qd7 14. Nxd4
O-O 15. Bb2 Rd8 16. Qc2 Ba7 17. Rfd1 Qe7 18. Rac1 Nd5 19. a3 Bd7 20. Qb3 Be8
21. e3 Nf6 22. a4 Rac8 23. b5 Bc5 24. Rc4 axb5 25. Nxb5 b6 26. Rdc1 Bc6 27.
Bxc6 Rxc6 28. Qc3 Qd7 29. Rg4 Be7 30. Rxg7+ Kxg7 31. Qxc6 Qxc6 32. Rxc6 Bc5 33.
Kg2 Kg6 34. Nc7 Nd5 35. Nxd5 Rxd5 36. Kf3 Rd2 37. Bc3 Rc2 38. Bd4 Ra2 39. Bxc5
bxc5 40. Ra6 c4 41. e4 c3 42. Ke3 c2 43. Kd2 c1=Q+ 44. Kxc1 Rxf2 45. Kb1 Rxh2
46. Rb6 Kf6 47. Rb3 Rh5 48. Ra3 Ra5 49. Kc2 Ke5 50. Kd3 h5 51. Ke3 f5 52. exf5
exf5 53. Kf3 Ke6 54. Kf4 Kf6 55. Ra1 Kg6 56. Ra2 Kf6 57. Kf3 Ke6 58. Kg2 Ke5
59. Kh3 f4 60. Re2+ Kf5 1/2-1/2

[Event "TOP 16 Jeunes "]
[Site "Agneaux"]
[Date "2010.05.23"]
[Round "9.2"]
[White "Wurtz, Guillaume"]
[Black "Gelin, Baptiste"]
[Result "1-0"]
[WhiteElo "1879"]
[BlackElo "1932"]
[PlyCount "87"]
[EventDate "2010.05.23"]
[EventType "team-match"]
[EventCountry "FRA"]

1. c4 c5 2. Nc3 Nf6 3. g3 d5 4. cxd5 Nxd5 5. Bg2 Nc7 6. Nf3 Nc6 7. d3 e5 8. Nd2
Bd7 9. O-O Be7 10. Nc4 f6 11. Bd2 b5 12. Ne3 Rc8 13. Rc1 O-O 14. Ned5 Nd4 15.
Nxc7 Qxc7 16. Nd5 Qd6 17. b4 c4 18. Nxe7+ Qxe7 19. e3 Nf5 20. dxc4 bxc4 21. Bc3
Be6 22. Qc2 Nd6 23. a4 Rfd8 24. Rfd1 Nf7 25. Rxd8+ Rxd8 26. Rd1 Nd6 27. b5 Nb7
28. Rxd8+ Nxd8 29. Qd2 Nb7 30. Bb4 Nc5 31. Bd5 Kf7 32. e4 Qc7 33. Bc6 Nd3 34.
Ba3 Bd7 35. Qc3 Qb6 36. Qxc4+ Be6 37. Qxd3 Qa5 38. Kg2 Qc7 39. Qd6 Qc8 40. Qe7+
Kg6 41. Qxa7 Bh3+ 42. Kg1 Qg4 43. Be8+ Kh6 44. Qe3+ 1-0